| 000 | 00909nam a2200241 a 4500 | ||
|---|---|---|---|
| 001 | 000016159 | ||
| 003 | DO-SdBNP | ||
| 005 | 20251121123128.0 | ||
| 008 | 100226s1960 dr r 001 0 spa d | ||
| 040 |
_aDO-SdBNP _bspa _cBNPHU |
||
| 082 | 4 |
_a345.7293 _bR811d _222 |
|
| 100 | 1 |
_aRosell, Pedro _935981 |
|
| 245 | 1 | 0 |
_aDerecho penal dominicano (Parte especial) : _bcrímenes y delitos contra la cosa pública / _cPedro Rosell. |
| 260 |
_aCiudad Trujillo, República Dominicana : _bPol Hermanos, _c[1960?]. |
||
| 300 |
_av. ; _c23 cm. |
||
| 500 | _aLa biblioteca posee el volumen 1 | ||
| 504 | _aIncluye referencias bibliográficas y notas al pie de las páginas. | ||
| 650 | 0 |
_aDerecho penal _zRepública Dominicana _917405 |
|
| 650 | 0 |
_aDerecho penal _xLegislación _917405 |
|
| 650 | 4 |
_aDelitos contra la seguridad del estado _936176 |
|
| 910 | _aValidado. Control de calidad. MMOLINA | ||
| 942 |
_2ddc _cLBS1 |
||
| 999 |
_c15699 _d15699 |
||